000 00224nam a22000857a 4500
008 161205b xxu||||| |||| 00| 0 eng d
100 _91813
_aNCERT
245 _aApactwith the sum english for -VI
260 _aNEW DELHI
_bNCERT
_c2006
999 _c4556
_d4556